Hoạt động - Giao tiếp - Nhân cách
Nội dung sách giới thiệu về phạm trù hoạt động trong tâm lý học. Phạm trù giao tiếp trong tâm lý học và phạm trù nhân cách trong tâm lý học.
Đã lưu trong:
| 主要作者: | |
|---|---|
| 格式: | 图书 |
| 语言: | Undetermined |
| 出版: |
Thành phố Hồ Chí Minh
Đại học Sư phạm
2007
|
| 主题: | |
| 标签: |
添加标签
没有标签, 成为第一个标记此记录!
|
| Thư viện lưu trữ: | Trung tâm Học liệu Trường Đại học Cần Thơ |
|---|
| LEADER | 00903nam a2200217Ia 4500 | ||
|---|---|---|---|
| 001 | CTU_238477 | ||
| 008 | 210402s9999 xx 000 0 und d | ||
| 082 | |a 158.2 | ||
| 082 | |b A107 | ||
| 100 | |a Hoàng, Anh | ||
| 245 | 0 | |a Hoạt động - Giao tiếp - Nhân cách | |
| 245 | 0 | |c Hoàng Anh (chủ biên), Đỗ Thị Châu, Nguyễn Thạc | |
| 260 | |a Thành phố Hồ Chí Minh | ||
| 260 | |b Đại học Sư phạm | ||
| 260 | |c 2007 | ||
| 520 | |a Nội dung sách giới thiệu về phạm trù hoạt động trong tâm lý học. Phạm trù giao tiếp trong tâm lý học và phạm trù nhân cách trong tâm lý học. | ||
| 526 | |a Tâm lý học đại cương | ||
| 526 | |b SP009 | ||
| 650 | |a Tâm lí học ứng dụng,Psychology, applied | ||
| 910 | |b dqhieu | ||
| 980 | |a Trung tâm Học liệu Trường Đại học Cần Thơ | ||